000 00672nam a22002417a 4500
003 UA-OsUOA
001 22646
007 ta
008 20031223b un ||||| |||| 00| 0 ukr d
100 _aРыжко В. А.
090 _a161.1
_bР93
942 _cBK
040 _aUA-OsUOA
_brus
_cUA-OsUOA
_dUA-OsUOA
245 _aНаучные концепции: социокультурный, логико-гносеологический и практический аспекты
300 _a183 с.
955 _a0
041 _arus
080 _a161.1
260 _aКиев
_bНаукова думка
_c1985
044 _aUA
650 7 _2UDC
999 _c308871
_d308871